| 000 | 00562nam a2200217Ia 4500 | ||
|---|---|---|---|
| 003 | 0100 | ||
| 008 | 130307s9999 xx 000 0 und d | ||
| 020 | _a067338859X | ||
| 040 | _cARRUPELIB | ||
| 050 | _aT58.6.M3518 1990 | ||
| 100 | _aBoyton, Andrew C | ||
| 245 | _aManagement information systems: readings and cases | ||
| 245 | _ba managerial perspective | ||
| 260 | _aGlenview, ILL. | ||
| 260 | _bScott, Foresman/Little, Brown Higher Education | ||
| 260 | _c1990 | ||
| 300 | _a511p. | ||
| 300 | _b25cm. | ||
| 700 | _aZmud, Robert W | ||
| 942 | 0 | 0 | _01 |
| 999 |
_c101189 _d101189 |
||